000 00344 a2200121 4500
001 ART_27810
005 20260410161949.0
008 260409a
245 1 0 _aLas brujas de Salem
100 1 _aLucchesi de Ramacciotti, Edda
700 1 _aSloer de Godfrid, Fanny
773 0 _tInvenio
_g- Año 2, Nº 3 (jun. 1999)
_wREV27781
999 _c30243
_d30243